00715 2200241 4500001002100000005001700021008004100038035002600079245001700105100001700122250000600139260008100145300007300226020002200299082000800321084001000329520003700339650002500376990001800401990001800419990001800437990001800455INLIS00000000000408920191230033052.0191230| ||| | ind  a 0010-12190000000408900cDewi Istanti0 aDewi Istanti a1 aHijaz Pustaka Mandiri : YogyakartabHijaz Pustaka Mandiri : Yogyakartac2018 aHibah Perpusnas 2018 14 Nov 2018 ;cHibah Perpusnas 2018 14 Nov 2018 a978-602-5790-10-20 a700 a746,4 aHibah Perpusnas 2018 14 Nov 2018 0aLimbah Plastik 746.4 aB201901119785 aB201901119786 aB201901119785 aB201901119786